| 000 | 00936cam a2200277 4500 | ||
|---|---|---|---|
| 001 | 5822 | ||
| 003 | BD-RjUL | ||
| 005 | 20211208234133.0 | ||
| 008 | 140107s1973 ii b 001 0 eng | ||
| 035 | _a(BD-RjUL)5861 | ||
| 040 |
_aDLC _cDLC _dDLC _dBD-RjUL _beng |
||
| 041 | _aeng | ||
| 082 | 0 | 0 |
_a320.95414 _bCHC 1973 |
| 100 | 1 |
_aChoudhuri, Keshab. _918298 |
|
| 245 | 1 | 0 |
_aCalcutta : story of its government / _cKeshab Choudhuri. |
| 260 |
_aBombay : _bOrient Longman, _c1973. |
||
| 300 |
_a378 p. ; _c22 cm. |
||
| 350 | _aRs25.00 | ||
| 500 | _aOriginally presented as the author's thesis, University of Calcutta, 1969, under the title: The machinery of Calcutta Corporation administration; a study in its evolution. | ||
| 504 | _aBibliography: p. [338]-358. | ||
| 504 | _aIncludes index. | ||
| 651 | 0 |
_aKolkata (India) _xPolitics and government. _918299 |
|
| 942 |
_2ddc _cBK |
||
| 999 |
_c5822 _d5822 |
||